| Tag |
First Indicator |
Second Indicator |
Subfields |
| LEADER |
00000cam a2200000 a 4500 |
| 001 |
in00000002325 |
| 005 |
20151007050911.0 |
| 007 |
he bmb024bbca |
| 008 |
990420s1998 ncub bb f001 0 eng d |
| 035 |
|
|
|a (OCoLC)41213313
|
| 035 |
|
|
|9 AJF4124AM
|
| 040 |
|
|
|a GPO
|c GPO
|d DLC
|d MvI
|d UtOrBLW
|
| 043 |
|
|
|a n-usu--
|
| 049 |
|
|
|a UMIC
|
| 074 |
|
|
|a 0083-B-05 (MF)
|
| 086 |
0 |
|
|a A 13.80:SRS-32
|
| 245 |
0 |
0 |
|a Summary report :
|b forest health monitoring in the South, 1993 and 1994 /
|c William G. Burkman [and others].
|
| 246 |
3 |
0 |
|a Forest health monitoring in the South, 1993 and 1994
|
| 264 |
|
1 |
|a Asheville, N.C. :
|b U.S. Dept. of Agriculture, Forest Service, Southern Research Station,
|c [1998]
|
| 300 |
|
|
|a 91 pages :
|b maps ;
|c 28 cm.
|
| 336 |
|
|
|a text
|b txt
|2 rdacontent
|
| 337 |
|
|
|a microform
|b h
|2 rdamedia
|
| 338 |
|
|
|a microfiche
|b he
|2 rdacarrier
|
| 490 |
1 |
|
|a Resource bulletin SRS ;
|v 32
|
| 500 |
|
|
|a Cover title.
|
| 500 |
|
|
|a "June 1998"--P. [2] of cover.
|
| 500 |
|
|
|a Shipping list number: 99-0316-M.
|
| 504 |
|
|
|a Includes bibliographical references (page 13).
|
| 500 |
|
|
|a Includes index.
|
| 533 |
|
|
|a Microfiche.
|b [Washington, D.C.] :
|c Supt. of Docs., U.S. G.P.O.,
|d 1999
|e 2 microfiches : negative.
|
| 500 |
|
|
|a Microform.
|
| 650 |
|
0 |
|a Forest health
|z Southern States.
|
| 650 |
|
0 |
|a Trees
|x Diseases and pests
|z Southern States.
|
| 650 |
|
0 |
|a Plant diseases
|z Southern States.
|
| 650 |
|
0 |
|a Insect pests
|z Southern States.
|
| 700 |
1 |
|
|a Burkman, William G.
|
| 710 |
1 |
|
|a United States.
|b Forest Service.
|b Southern Research Station.
|
| 830 |
|
0 |
|a Resource bulletin SRS ;
|v 32.
|
| 999 |
|
|
|a MARS
|
| 999 |
f |
f |
|s 0e6bf584-a0ef-3dbc-ad4c-d062552fa873
|i 11f9a63d-c4df-3f93-aa81-bede67ffb15c
|t 0
|
| 952 |
f |
f |
|p normal
|a Texas A&M University
|b College Station
|c Sterling C. Evans Library
|d Evans: US Documents Microfiche (3rd floor)
|t 0
|e A 13.80:SRS-32
|h Superintendent of Documents classification
|i microform -- microfiche
|m A14824427221
|
| 952 |
f |
f |
|p normal
|a Texas A&M University
|b College Station
|c Sterling C. Evans Library
|d Evans: US Documents (Annex 5th floor)
|t 0
|e A 13.80:SRS-32
|h Superintendent of Documents classification
|i microform -- microfiche
|m A14824478133
|
| 998 |
f |
f |
|a A 13.80:SRS-32
|t 0
|l Evans: US Documents (Annex 5th floor)
|
| 998 |
f |
f |
|a A 13.80:SRS-32
|t 0
|l Evans: US Documents Microfiche (3rd floor)
|